000
00246 a2200109 4500
245
_a
Resource Atlas in Physical geography
_h
Text
020
_a
9789812444226
100
_a
Goh Cheng Leong
650
_a
GEOGRAPHY
005
20191017173701.0
260
_c
2005
084
_a
NONE
999
_c
10593
_d
10593